Normal view
MARC view
- Sir Syed Ahmad Khan [1817-1898]
Entry Topical Term
001 - CONTROL NUMBER
- control field: 109610
003 - CONTROL NUMBER IDENTIFIER
- control field: NUST
005 - DATE AND TIME OF LATEST TRANSACTION
- control field: 20230227142954.0
008 - FIXED-LENGTH DATA ELEMENTS
- fixed length control field: 230227|| aca||aabn | a|a d
040 ## - CATALOGING SOURCE
- Original cataloging agency: NUST
- Transcribing agency: NUST
150 ## - HEADING--TOPICAL TERM
- Topical term or geographic name entry element: Sir Syed Ahmad Khan [1817-1898]
670 ## - SOURCE DATA FOUND
- Source citation: Work cat.: (NUST)188149: Rashid, Saeed, Guftar o Kirdar Sir Syed / گفتار و کردار سرسید (Urdu) /, 2003
